00822cam a22002537a 450000500170000000800410001701000100005801100100006803500100007808200160008810000270010424500460013126000500017730000200022759000410024759000410028859000410032959000410037059000420041165000350045390100070048894900560049599900170055120220329141224.0971010s1988 r 00010 d a64645 a65617 a72725 a635.933bS500aSlack, Adrian.9106849 0aInsect-eating plants and how to grow them aWashington :bUniversity of Washington,c1988 a172 p.b: ilus. aBATCH-UPDb10c20130110lUCH01h0637 aBATCH-UPDb10c20130110lUCH01h2348 aBATCH-UPDb10c20130410lUCH01h1635 aBATCH-UPDb10c20130914lUCH01h1920 aCONVERSIONb10c20130109lUCH01h133514aPlantas insectívoras.989013 aBK a635.933 S5bPAcLIBROd-5445eLIBROh1513i72725si c64645d64645